On the front foot : (Record no. 93313)

MARC details
000 -LEADER
fixed length control field 00638nam a22001937a 4500
005 - DATE AND TIME OF LATEST TRANSACTION
control field 20150623112029.0
010 ## - LCCN (DPL NO)
LC control number ENG-112863
020 ## - INTERNATIONAL STANDARD BOOK NUMBER
Terms of availability 450.00
International Standard Book Number 9789350352687
035 ## - SYSTEM CONTROL NUMBER
System control number EN-96395
037 ## - SOURCE OF ACQUISITION
Source of stock number/acquisition DBAD/PUB
082 ## - DEWEY DECIMAL CLASSIFICATION NUMBER
Classification number 347.5401
100 ## - MAIN ENTRY--PERSONAL NAME
Personal name Divan, Anil
245 ## - TITLE STATEMENT
Title On the front foot :
Statement of responsibility, etc by Anil Divan
Remainder of title writings of Anil Divan on courts, press and personalities /
260 ## - PUBLICATION, DISTRIBUTION, ETC. (IMPRINT)
Place of publication, distribution, etc New Delhi
Name of publisher, distributor, etc Universal Law Publishing
Date of publication, distribution, etc 2014
270 ## - ADDRESS
Address C-FF-1A, Dilkhush Industrial Estate G.T. Karnal Road,
City Delhi
Postal code 110033
300 ## - PHYSICAL DESCRIPTION
Extent xxi, 340p.
Dimensions 24cm(pbk)
500 ## - GENERAL NOTE
General note Includes index
942 ## - ADDED ENTRY ELEMENTS (KOHA)
Source of classification or shelving scheme Dewey Decimal Classification
Item type English Books
Call number suffix DIV
Classification part 347.5401
Holdings
Withdrawn status Lost status Not for loan Collection code Home library Current library Date acquired Source of acquisition Cost, normal purchase price Full call number Barcode Copy number Cost, replacement price Koha item type
    Not For Loan Non-fiction D.B.Act.Division D.B.Act.Division 05/05/2015 DBAD/PUB 450.00 347.5401 DIV EN-96395 1 450.00 English Books

© Delhi Public Library
Hit Counter
free hit counter